Principios de tecnología : (Record no. 39912)
[ view plain ]
| 000 -CABECERA | |
|---|---|
| campo de control de longitud fija | 00410nam a2200133 a 4500 |
| 001 - NÚMERO DE CONTROL | |
| campo de control | 000040422 |
| 005 - FECHA Y HORA DE LA ÚLTIMA TRANSACCIÓN | |
| campo de control | 20201002034125.0 |
| 008 - DATOS DE LONGITUD FIJA--INFORMACIÓN GENERAL | |
| campo de control de longitud fija | 130823s2007 xxu 000 0 spa d |
| 020 ## - NÚMERO INTERNACIONAL ESTÁNDAR DEL LIBRO | |
| Número Internacional Estándar del Libro | 978155502372X |
| 040 ## - FUENTE DE LA CATALOGACIÓN | |
| Centro catalogador/agencia de origen | DO-SdBNP |
| Lengua de catalogación | spa |
| Centro/agencia transcriptor | BNPHU |
| 245 00 - MENCIÓN DE TÍTULO | |
| Título | Principios de tecnología : |
| Resto del título | contexto e integración. |
| 260 ## - PUBLICACIÓN, DISTRIBUCIÓN, ETC. | |
| Lugar de publicación, distribución, etc. | Texas : |
| Nombre del editor, distribuidor, etc. | Cord Communications : |
| -- | Fundación Inicia, |
| Fecha de publicación, distribución, etc. | 2007. |
| 300 ## - DESCRIPCIÓN FÍSICA | |
| Extensión | 175 p. : |
| Otras características físicas | il. ; |
| Dimensiones | 29 cm. |
| Estado de retiro | Estado de pérdida | Restricciones de uso | No para préstamo | Código de colección | Localización permanente | Ubicación/localización actual | Ubicación en estantería | Fecha de adquisición | Número de inventario | Total de préstamos | Signatura topográfica completa | Código de barras | Fecha visto por última vez | Precio válido a partir de | Tipo de ítem Koha | Número de copia |
|---|---|---|---|---|---|---|---|---|---|---|---|---|---|---|---|---|
| Excluido de préstamo | Monografías: Libros y Folletos | General | General | Depósito | 23.08.2013 | LF1 | 40422-10 | 25.06.2020 | 25.06.2020 | No se presta | ||||||
| Excluido de préstamo | Monografías: Libros y Folletos | General | General | Depósito | 23.08.2013 | LF1 | 40422-20 | 25.06.2020 | 25.06.2020 | No se presta | e. 2 | |||||
| Monografías: Libros y Folletos | General | General | Depósito | 23.08.2013 | LF1 | 40422-30 | 25.06.2020 | 25.06.2020 | Préstamo en sala | e. 3 | ||||||
| Monografías: Libros y Folletos | General | General | Depósito | 15.01.2015 | LF1 | 40422-40 | 25.06.2020 | 25.06.2020 | Préstamo en sala | e. 4 | ||||||
| Extraviado | Monografías: Libros y Folletos | General | General | Extraviado | 15.01.2015 | LF1 | 40422-50 | 25.06.2020 | 25.06.2020 | Préstamo en sala | e. 5 |
